000 01753nam0a2200337 4500
001 RU\NLR\bibl\1035756
005 20260406062221.0
010 _a5-462-00472-9
_97000
021 _aRU
_b2006-79133
_94014
035 _a(nilc)RSL-KNO-002995588
035 _a(NLR Aleph) 001023186
090 _a711589
_c711589
100 _a20061208d2006 |||y0rusy50 ca
101 0 _arus
102 _aRU
105 _ay zzzz|||||
106 _ar
200 1 _aВласть и закон
_iКукловоды
_fВ. В. С.
210 _aМосква
_cАСТ-Пресс
_d2006
_eЧехов (Моск. обл.)
_gЧеховский полиграфкомбинат
215 _a381, [1] с.
_d16
225 1 _aСерия "Криминальный боевик"
300 _aВ вып. дан. авт.: Под аббревиатурой В. В. С. над книгами в серии "Власть и закон" работает Ветров В.С.
610 0 _aФилологические науки. Художественная литература -- Российская Федерация -- Русская литература -- с сер. 50-х гг. 20 в. -- Произведения художественной литературы -- Художественная проза -- Романы. Повести. Рассказы -- Приключенческие и детективные романы, повести, рассказы
686 _aШ5(2=Р)75-644.6
_2rubbk
700 1 _4070
_8rus
_7ca
_aВетров
_bС.
_cписатель
_gСергей
_3RU\NLR\auth\7712432
_9122146
801 0 _aRU
_bРКП
_c20061208
_grcr
801 1 _aRU
_bРГБ
_c20061208
801 2 _aRU
_bNLR
_c20070125
_grcr
942 _cBOOK
980 _aNB